Field evaluation of Hevea clones for leaf disease resistance (Record no. 59380)

MARC details
000 -LEADER
fixed length control field 02078nam a2200205Ia 4500
100 ## - MAIN ENTRY--AUTHOR NAME
Personal name Gobina M S
245 #0 - TITLE STATEMENT
Title Field evaluation of Hevea clones for leaf disease resistance
260 ## - PUBLICATION, DISTRIBUTION, ETC. (IMPRINT)
Name of publisher Proceedings of IRRDB Symposium 1999, Hainan, Peoples Republic of China. pp.91-106.
520 ## - SUMMARY, ETC.
Summary, etc A study is going on in the Southern part of Cameroon, where about 50;of Cameroons rubber is planted, to evaluate the resistance of new genetic material, including some traditional clones, to two major leaf diseases (Colletotrichum gloeosporioides and Corynespora cassiicola). This area is characterised by a bimodal rainfall pattern. Results over five years indicate significant differences in the susceptibility of the testes clones to both diseases. For most of the clones, there was no significant differences in the susceptibility of the two diseases. However, the severity of Corynespora was generally higher than that of Colletotrichum. There was also a significant variation in disease severity from one year to another for most of the clones, with a tendency to increase over the years. The general incidence of leaf disease diseases was highest in RRIC 110, PR 228, GU 1276, RRIM 706, GU 198 and MDX 98 while MDF 72, RO 58, MDF 362, MDX 17, RO 46 and RO 42 showed the most resistance. Meanwhile, GU 4673 showed high susceptibility to Colletotrichum, but was appreciably tolerant to Corynespora. This study suggests that, clones such as MDF 72, RO 58, MDF 362, MDX 17, RO 46 and RO 42, by virtue of their resistance to leaf diseases, may constitute a good genetic base for development of new clones. Meanwhile, RRIC 110, PR 228 and GU 1276, by virtue of their susceptibility, especially to Corynespora may have to be avoided in a breeding programme.
650 ## - SUBJECT ADDED ENTRY--TOPICAL TERM
Topical Term Colletotrichum gloeosporioides
650 ## - SUBJECT ADDED ENTRY--TOPICAL TERM
Topical Term Corynespora cassiicola
650 ## - SUBJECT ADDED ENTRY--TOPICAL TERM
Topical Term Disease resistance
650 ## - SUBJECT ADDED ENTRY--TOPICAL TERM
Topical Term Hevea brasiliensis
650 ## - SUBJECT ADDED ENTRY--TOPICAL TERM
Topical Term Leaf diseases
650 ## - SUBJECT ADDED ENTRY--TOPICAL TERM
Topical Term Secondary leaf fall
700 ## - ADDED ENTRY--PERSONAL NAME
Personal name Achuo E A
700 ## - ADDED ENTRY--PERSONAL NAME
Personal name Chuba P N
942 ## - ADDED ENTRY ELEMENTS (KOHA)
Koha item type Journals
Holdings
Withdrawn status Lost status Damaged status Not for loan Home library Current library Shelving location Date acquired Koha item type
      Journals RRII Library RRII Library Pathology 17/12/2021 Journals